Southville International School and Colleges
Your cart is empty.
  • Cart
  • Lists
    Public lists Eva Luna New books Lux_list list_1
    Your lists Log in to create your own lists
  • Log in to your account
  • Your cookies
  • Search history
Southville International School and Colleges
  • Advanced search
  • Recent comments
  • Most popular
  • Libraries

Log in to your account

Log in with GOOGLE


If you do not have an external account, but do have a local account, you can still log in:

  1. Home
  2. MARC view: The two :
Normal view MARC view ISBD view

The two : (Record no. 19970)

[ view plain ]
MARC details
000 -LEADER
fixed length control field 00413nam a2200157 a 4500
005 - DATE AND TIME OF LATEST TRANSACTION
control field 20140310183205.0
008 - FIXED-LENGTH DATA ELEMENTS--GENERAL INFORMATION
fixed length control field 030422s19uu xx 00 eng d
020 ## - INTERNATIONAL STANDARD BOOK NUMBER
International Standard Book Number 055312160
050 ## - LIBRARY OF CONGRESS CALL NUMBER
Classification number PZ 7
Item number .W187 1979
100 ## - MAIN ENTRY--PERSONAL NAME
Personal name Wallace, Irving
245 ## - TITLE STATEMENT
Title The two :
Remainder of title A Biography /
Statement of responsibility, etc Irving Wallace.
260 ## - PUBLICATION, DISTRIBUTION, ETC. (IMPRINT)
Place of publication, distribution, etc Canada ;
Name of publisher, distributor, etc bantam Books,
Date of publication, distribution, etc 1979.
300 ## - PHYSICAL DESCRIPTION
Extent 415 p. :
Dimensions 17 cm.
942 ## - ADDED ENTRY ELEMENTS (KOHA)
Koha item type Books
Source of classification or shelving scheme Library of Congress Classification
Holdings
Withdrawn status Lost status Source of classification or shelving scheme Damaged status Home library Current library Shelving location Date acquired Total Checkouts Full call number Barcode Date last seen Copy number Price effective from Koha item type
    Library of Congress Classification   College Library College Library Fiction Section 04/22/2003   PZ 7 .W187 1979 C1760 05/08/2018 1 10/10/2013 Books

The two :

APA

Wallace I., . (1979). The two. Canada: bantam Books.

Chicago

Wallace Irving, . 1979. The two. Canada: bantam Books.

Harvard

Wallace I., . (1979). The two. Canada: bantam Books.

MLA

Wallace Irving, . The two. Canada: bantam Books. 1979.

  • Place hold
  • Print
  • Cite
  • Add to your cart (remove)
  • Save record
    BIBTEX Dublin Core MARCXML MARC (non-Unicode/MARC-8) MARC (Unicode/UTF-8) MARC (Unicode/UTF-8, Standard) MODS (XML) RIS
  • More searches
    Search for this title in:
    Other Libraries (WorldCat) Other Databases (Google Scholar) Online Stores (Bookfinder.com) Open Library (openlibrary.org)

Exporting to Dublin Core...

SOUTHVILLE LIBRARY

Southville International School and Colleges Library

1281 Tropical Ave. Cor. Luxembourg St., BF Homes International, Las Pinas City

Tel. No. 8256374 / 252358 Loc. 117/146

Powered by Koha